000 00978nam a2200229Ia 4500
003 Ost
005 20260507075017.0
008 260507s9999||||xx |||||||||||||| ||und||
020 _a5995241977
040 _cfsecg
041 _aara
082 _a343.04
100 _aمسعد، محي محمد
_eمؤلف
245 0 _aالعلاقات القانونية بين الممول والإدارة الضريبية(دراسة تحليلية مقارنة) /
_c محي محمد مسعد
260 _aالإسكندرية:
_bالإشعاع الفنية,
_c2002
300 _a381 صفحة؛
_bإيضاحات ؛
_c24 سم
520 _aأصول القانون الضريبي والزكاة-التداعي بين الممول والإدارة الضريبية-مبادئ النظرية العامة للضريبة
653 _aالضرائب- ادارة
653 _aالضرائب-قوانين وتشريعات
653 _aالقانون الضريبي
942 _cكتاب
999 _c42222
_d42222